Guess the Fusion Rock Song Lyrics #342 - Statistics

General Stats
  • This quiz has been taken 11 times
  • The average score is 106 of 144
Answer Stats
Answer % Correct
a
100%
A
100%
from
100%
here
100%
How
100%
how
100%
I
100%
So
100%
so
100%
tell
100%
the
100%
The
100%
they
100%
think
100%
we
100%
were
100%
We're
100%
you
100%
your
100%
And
89%
and
89%
can
89%
Can
89%
for
89%
get
89%
Heaven
89%
Hell
89%
I'm
89%
it
89%
on
89%
Pink Floyd
89%
this
89%
to
89%
wish
89%
Blue
78%
Do
78%
in
78%
just
78%
skies
78%
two
78%
what
78%
after
67%
ashes
67%
change
67%
fears
67%
found
67%
have
67%
is
67%
Now
67%
of
67%
old
67%
pain
67%
souls
67%
year
67%
air
56%
bowl
56%
breeze
56%
cold
56%
Cold
56%
cool
56%
Did
56%
field
56%
fish
56%
ghosts
56%
green
56%
heroes
56%
Hot
56%
lost
56%
over
56%
part
56%
rail
56%
same
56%
smile
56%
steel
56%
swimming
56%
trade
56%
veil
56%
with
56%
Yes
56%
yes
56%
am
44%
exchange
44%
ground
44%
Running
44%
trees
44%
walk
44%
war
44%
cage
33%
comfort
33%
lead
33%
role
22%
star
11%
which
11%
Derek
0%
disciplinary
0%
mercifully
0%
nonsense
0%
remains
0%
sure
0%
um
0%
No matching quizzes found
Score Distribution
Percent of People with Each Score
Percentile by Number Answered
Your Score History
You have not taken this quiz